000 00937cam a22002534a 4500
001 12072876
003 GBCCL
005 20241126110350.0
008 000623s2000 laua 000 0 eng
010 _a 00057497
020 _a1582291306
040 _aDLC
_cDLC
_dDLC
042 _apcc
050 0 0 _aBV4647.F7
_bM94 2000
082 0 0 _a241.6762
_221
_bMYE
100 1 _aMyers, G. A.,
_d1955-
_91608
245 1 0 _aHugs from heaven :
_bcelebrating friendship : sayings, scriptures, and stories from the Bible revealing God's love /
_cG.A. Myers.
260 _aWest Monroe, LA :
_bHoward Pub.,
_cc2000.
300 _avi, 120 p. :
_bill. ;
_c19 cm.
650 0 _aFriendship
_xReligious aspects
_xChristianity.
_91609
906 _a7
_bcbc
_corignew
_d1
_eocip
_f20
_gy-gencatlg
942 _2ddc
_cBK
999 _c973
_d973